banner

Ramón Carrillo: (Registro nro. 252)

000 -LEADER
fixed length control field 00924nam a22002417a 4500
003 - CONTROL NUMBER IDENTIFIER
control field AR-BaISA
005 - DATE AND TIME OF LATEST TRANSACTION
control field 20220328131218.0
007 - PHYSICAL DESCRIPTION FIXED FIELD--GENERAL INFORMATION
fixed length control field ta
008 - FIXED-LENGTH DATA ELEMENTS--GENERAL INFORMATION
fixed length control field 170915s2006 ag ||||| |||| 00| 0bspa d
020 ## - INTERNATIONAL STANDARD BOOK NUMBER
International Standard Book Number 9874389907
040 ## - CATALOGING SOURCE
Transcribing agency AR-BaISA
082 04 - DEWEY DECIMAL CLASSIFICATION NUMBER
Edition number 22
Classification number 925 C236 CAR
100 1# - MAIN ENTRY--PERSONAL NAME
9 (RLIN) 457
Numeration Carrillo, Arturo
245 10 - TITLE STATEMENT
Title Ramón Carrillo:
Remainder of title el hombre, el médico, el sanitarista /
Statement of responsibility, etc. Arturo Carrillo
250 ## - EDITION STATEMENT
Edition statement 2ª ed.
260 ## - PUBLICATION, DISTRIBUTION, ETC.
Place of publication, distribution, etc. Buenos Aires:
Name of publisher, distributor, etc. A. Carrillo,
Date of publication, distribution, etc. 2006
300 ## - PHYSICAL DESCRIPTION
Extent 327 p.
504 ## - BIBLIOGRAPHY, ETC. NOTE
Bibliography, etc. note Bibliografía p: 321-323
505 ## - FORMATTED CONTENTS NOTE
Title Evolución de la salud --
-- La personalidad del hombre y sus ideales --
-- Privilegia un moderno sistema sanitario --
-- Sus relaciones --
-- Programa EMESTA y políticas de salud --
-- Exilio y muerte --
-- Distinciones. Condecoraciones y trabajos de investigación
600 14 - SUBJECT ADDED ENTRY--PERSONAL NAME
9 (RLIN) 612
Personal name Carrillo, Ramón
General subdivision biografía
Form subdivision médico
700 1# - ADDED ENTRY--PERSONAL NAME
9 (RLIN) 612
Personal name Carrillo, Ramón
942 ## - ADDED ENTRY ELEMENTS (KOHA)
Source of classification or shelving scheme
Koha item type Libros
Existencias
Withdrawn status Lost status Source of classification or shelving scheme Damaged status Not for loan Permanent Location Current Location Date acquired Inventory number Total Checkouts Full call number Barcode Date last seen Date last checked out Copy number Price effective from Koha item type
          Biblioteca ISALUD. Dr. Néstor Rodríguez Campoamor Biblioteca ISALUD. Dr. Néstor Rodríguez Campoamor 2019-02-11 357 1 925 C236 CAR 357 2023-10-31 2023-10-24 ej. 1 2019-02-11 Libros
          Biblioteca ISALUD. Dr. Néstor Rodríguez Campoamor Biblioteca ISALUD. Dr. Néstor Rodríguez Campoamor 2019-02-11 358 1 925 C236 CAR 358 2023-10-26 2023-10-17 ej. 2 2019-02-11 Libros
          Biblioteca ISALUD. Dr. Néstor Rodríguez Campoamor Biblioteca ISALUD. Dr. Néstor Rodríguez Campoamor 2019-02-11 569   925 C236 CAR 569 2019-02-11   ej. 3 2019-02-11 Libros
          Biblioteca ISALUD. Dr. Néstor Rodríguez Campoamor Biblioteca ISALUD. Dr. Néstor Rodríguez Campoamor 2022-04-21 4409   925 C236 CAR 4409 2022-04-21   ej. 4 2022-04-21 Libros